01417nam a2200229 i 450000100060000000300090000600500170001500700030003200800410003508000110007624000110008724501410009826001050023930000200034450505790036470000440094370000480098770000370103570000290107271000650110185200210116647782ES-MaACL20250811160455.0t|030527m19571980sp ||||1| lat d a22.05510aBiblia10aBiblia polyglotta matritensia / ccura et studio Ayuso, T. Bellet, P. Bover, J.M. Cantera ... allisque plurimis collaborantibus peritis. aMatriti : bConsejo Superior de Investigaciones Científicas : bEditorial Católica, c1957-1980. a6 v. ; c31 cm.8 aContiene: Prooemium - Series IV. Vetus Testamentum Arameum: Targum Palaestinense. Additur Targum Pseudojonatan... - L.2. Exodus / editio critica curante Alexandro Diez Macho... - L.3. Leviticus / editio critica curante Alexandro Diez Macho... - L.5. Deuteronium / editio critica curante Alexandro Díez Macho - Series VII. Vetus Latina - L.21. Psalterium Visigothicum-Mozarabicum / editio critica curante Theophilo Ayuso Marazuela - Series VIII. Vulgata Hispana - L.21. Psalterium Hieronymi de Hebraica veritate interpretum / editio critica curante Teophilo Ayuso Marazuela1 aAyuso Marazuela, Teófilo, d1906-19621 aSánchez de Muniain y Gil, José María.1 aO'Callaghan, José, d1922-20011 aDíez Macho, Alejandro.2 aConsejo Superior de Investigaciones Científicas (España) aES-MaACLjP-1059